| 000 | 01103nam a22003377a 4500 | ||
|---|---|---|---|
| 003 | CHAP | ||
| 005 | 20220329133210.0 | ||
| 008 | 971013s r 00010 d | ||
| 010 | _a3264 | ||
| 011 | _a4236 | ||
| 035 | _a3438 | ||
| 040 | _cCHAP | ||
| 090 | _aFolleto 12920 | ||
| 100 | 0 | 0 |
_aRendón Pimentel, Luis. _995935 |
| 245 | _aEvaluación de diferentes modelos de la conservación de la masa para estimar el avance o la infiltración en una melga | ||
| 260 |
_a[s.l.] : _b[s.n.], _c[198?] |
||
| 300 |
_a65 h. _b; gráfs. |
||
| 500 | _aD49-77 | ||
| 590 |
_aBATCH-UPD _b10 _c20130110 _lUCH01 _h0040 |
||
| 590 |
_aBATCH-UPD _b10 _c20130110 _lUCH01 _h1121 |
||
| 590 |
_aBATCH-UPD _b10 _c20130409 _lUCH01 _h2025 |
||
| 590 |
_aBATCH-UPD _b10 _c20130410 _lUCH01 _h0711 |
||
| 590 |
_aBATCH-UPD _b10 _c20130914 _lUCH01 _h1820 |
||
| 590 |
_aCONVERSION _b10 _c20130109 _lUCH01 _h1303 |
||
| 650 | 1 | 4 |
_aModelos matemáticos. _976419 |
| 650 | 1 | 4 |
_aRiego por melgas. _997382 |
| 650 | 1 | 4 |
_aSuelos _xPercolación. _9110457 |
| 901 | _aBK | ||
| 942 | _cFOLL | ||
| 949 |
_aFolleto 12920 _bBC _cFOLL _d-12956 _eTS1 _i3438 _mD _si |
||
| 999 |
_c3264 _d3264 |
||